000 00880nam a2200277 i 4500
001 bg
100 _aOwen, Jo.
245 0 _aZarządzanie :
_bczego nie uczą w szkołach biznesu /
_cJo Owen ; przekł. Andrzej Ehrlich.
246 1 _iTyt. równol.:
_aManagement stripped bare
260 _aWarszawa :
_bPolskie Wydawnictwo Ekonomiczne,
_c2003.
300 _a311, [1] s. ;
_c21 cm.
650 4 _aZarządzanie
655 _aPodręczniki
700 1 _aEhrlich, Andrzej.
_eTł.
020 _a9788320814644
040 _cBPK
041 1 _apol
_heng
044 _aPOL
080 _a005
080 _a(07)
920 _a83-208-1464-2
942 _cKS
008 s pl f |000 0 pol
999 _c55115
_d55115
856 _uhttp://koha.tu.koszalin.pl/cgi-bin/koha/opac-detail.pl?biblionumber=55115
_yKatalog online BPK